Sugerencias para el magisterio /

Los escolares jesuitas durante su etapa de formación, posterior a los estudios de filosofía, son destinados a ejercer de maestros en la formación de la juventud. Con el fin de apoyarlos en esta experiencia la presente obra reúne al respecto diversas sugerencias.

Guardado en:
Detalles Bibliográficos
Autor corporativo: Compañía de Jesús. Provincia Mexicana
Formato: Libro
Idioma:Español
Publicado: Guadalajara, México : Compañía de Jesús, Provincia Mexicana, 1959
Temas:
Etiquetas: Agrega una etiqueta
Sin etiquetas, Sé el primero en etiquetar este registro!

MARC

LEADER 00000nam^a2200000^a^4500
001 000431758
005 20250526000000.0
009 20260310122957.95
037 |a Acervo Xavier Clavigero 
041 |a ESP 
082 |a 255. 53  |b COM SUG 
110 |a Compañía de Jesús.  |b Provincia Mexicana 
240 1 1 |a [Sugerencias para el magisterio] 
245 1 0 |a Sugerencias para el magisterio /  |c Compañía de Jesús. 
264 1 |a Guadalajara, México :  |b Compañía de Jesús, Provincia Mexicana,  |c 1959 
300 |a 54 p. ;  |c 19.0 cm. 
336 |a texto  |b txt  |2 rdacontenido 
337 |a sin mediación  |b n  |2 rdamedio 
338 |a volumen  |b nc  |2 rdasoporte 
520 |a Los escolares jesuitas durante su etapa de formación, posterior a los estudios de filosofía, son destinados a ejercer de maestros en la formación de la juventud. Con el fin de apoyarlos en esta experiencia la presente obra reúne al respecto diversas sugerencias. 
649 |a XX 
650 |a Jesuitas -  |x Formación -  |x Tema Principal 
650 |a Monasticismo y Ordenes Religiosas -  |x Formación 
650 |a Iglesia y Educación 
650 |a Pedagogía Ignaciana 
650 |a Catolicismo 
650 |a Cristianismo 
650 |a Religión 
910 |a Fondo General 
920 |a Impresos - Libros 
930 |a Libros Antiguos y Raros 
940 |a Jesuitas - Selección de la Compañía de Jesús 
905 |a 108 
901 |a 022880  |b IT2  |c LRA  |i D22880  |u 20250526 
902 |a https://opac.biblio.iteso.mx/vufind/Record/000431758